[Event "European Youth Chess Championship B18"]
[Site "Prague, Top Hotel Prague"]
[Date "2016.08.20"]
[Round "3.23"]
[White "Zirkelbach, Maj"]
[Black "Garriga, Cazorla Pere"]
[Result "1-0"]
[WhiteElo "2189"]
[BlackElo "2392"]
[PlyCount "109"]
[EventDate "2016.08.18"]

1. d4 Nf6 2. c4 e6 3. Nf3 c5 4. d5 d6 5. Nc3 exd5 6. cxd5 g6 7. Bf4 Bg7 8. Qa4+
Bd7 9. Qb3 b5 10. Bxd6 Qb6 11. Be5 O-O 12. e3 c4 13. Qc2 Bf5 14. Qd1 Nbd7 15.
Bd4 Qa5 16. Be2 Nb6 17. Ne5 Nfxd5 18. Nc6 Nxc3 19. Qd2 Qa6 20. Ne7+ Kh8 21.
Bxg7+ Kxg7 22. Nxf5+ gxf5 23. Qxc3+ f6 24. O-O Nd5 25. Qc2 Qe6 26. Rad1 Rad8
27. a3 Qe4 28. Qc1 Nf4 29. exf4 Qxe2 30. Rfe1 Rxd1 31. Qxd1 Qxb2 32. Qd7+ Rf7
33. Qxf5 Qxa3 34. h4 Qd3 35. Qxb5 Qd2 36. Re3 c3 37. Rg3+ Kh6 38. Qc4 Rd7 39.
Qxc3 Qxf4 40. Qc5 Rf7 41. Qd5 Rg7 42. Rf3 Qxh4 43. Qe6 Rg4 44. Qe3+ Kg6 45. Rh3
Qg5 46. Qe8+ Kg7 47. Qe7+ Kg8 48. Qxh7+ Kf8 49. Qh8+ Kf7 50. Rh7+ Ke6 51. Qc8+
Ke5 52. Re7+ Kd4 53. Rd7+ Ke5 54. Qc5+ Ke6 55. Re7# 1-0

[Event "European Youth Chess Championship B18"]
[Site "Prague, Top Hotel Prague"]
[Date "2016.08.20"]
[Round "3.24"]
[White "Friedland, Moshe"]
[Black "Grigorian, Spartak"]
[Result "0-1"]
[WhiteElo "2170"]
[BlackElo "2340"]
[PlyCount "106"]
[EventDate "2016.08.18"]

1. e4 c5 2. Nf3 d6 3. d4 cxd4 4. Nxd4 Nf6 5. Nc3 a6 6. g3 g6 7. Bg2 Bg7 8. O-O
O-O 9. h3 Nc6 10. Nde2 Rb8 11. b3 b5 12. Bb2 b4 13. Nd5 Nxd5 14. Bxg7 Ne3 15.
Qd3 Nxf1 16. Bxf8 Nxg3 17. Bh6 Nxe2+ 18. Qxe2 Qa5 19. Be3 Qb5 20. Qxb5 Rxb5 21.
f4 Kf8 22. c4 bxc3 23. Rc1 e5 24. Rxc3 Bb7 25. Bf1 Ra5 26. a4 exf4 27. Bxf4 Ke7
28. Bc4 Nd4 29. Kf2 Ne6 30. Bxe6 Kxe6 31. Rd3 d5 32. exd5+ Rxd5 33. Rxd5 Bxd5
34. b4 Bc6 35. b5 Bxb5 36. axb5 axb5 37. Bd2 Kf5 38. Kg3 Ke4 39. Bb4 Kf5 40.
Kf3 h5 41. Be7 Ke6 42. Bb4 g5 43. Bd2 Kf5 44. Bb4 f6 45. Bc5 Ke5 46. Be7 Ke6
47. Bb4 f5 48. Bc3 Kd5 49. h4 g4+ 50. Kf4 Kc4 51. Be5 b4 52. Kxf5 Kd3 53. Kg5
Ke4 0-1

[Event "European Youth Chess Championship B18"]
[Site "Prague, Top Hotel Prague"]
[Date "2016.08.20"]
[Round "3.25"]
[White "Pulpan, Jakub"]
[Black "Sinanovic, Ermin"]
[Result "1-0"]
[WhiteElo "2321"]
[BlackElo "2175"]
[PlyCount "67"]
[EventDate "2016.08.18"]

1. e4 c5 2. Nf3 d6 3. d4 cxd4 4. Nxd4 Nf6 5. Nc3 g6 6. Be3 Bg7 7. f3 O-O 8. Qd2
Nc6 9. O-O-O Bd7 10. Kb1 Rc8 11. g4 Ne5 12. h4 h5 13. gxh5 Nxh5 14. Rg1 Rxc3
15. Qxc3 Nxf3 16. Rg2 Nxh4 17. Rf2 Bg4 18. Be2 Bxe2 19. Rxe2 Ng3 20. Rh2 Nf3
21. Rg2 Nxe4 22. Qd3 Nc5 23. Qc4 Ne5 24. Qe2 Qb6 25. Rh2 Qb4 26. a3 Qb6 27.
Rdh1 Rc8 28. Bh6 Na4 29. Nb3 f5 30. Qd2 Qc6 31. Bxg7 Kxg7 32. Qg5 Nf7 33. Qxe7
Kg8 34. Qf6 1-0

[Event "European Youth Chess Championship B18"]
[Site "Prague, Top Hotel Prague"]
[Date "2016.08.20"]
[Round "3.26"]
[White "Nastase, Robert-Paul"]
[Black "Bakhmatsky, Vladislav"]
[Result "0-1"]
[WhiteElo "2163"]
[BlackElo "2296"]
[PlyCount "84"]
[EventDate "2016.08.18"]

1. e4 c5 2. Nf3 d6 3. d4 cxd4 4. Nxd4 Nf6 5. Nc3 a6 6. Be3 e5 7. Nb3 Be6 8. Qd2
Nbd7 9. f3 h5 10. Be2 Qc7 11. O-O b5 12. a4 b4 13. Nd5 Bxd5 14. exd5 Nb6 15.
Bxb6 Qxb6+ 16. Kh1 g6 17. a5 Qb7 18. Ra4 Bh6 19. Rxb4 Qxd5 20. Qc3 Rd8 21. Bxa6
O-O 22. Bb7 Qe6 23. Rd1 d5 24. a6 h4 25. a7 h3 26. g3 d4 27. Qd3 Nd5 28. Ra4
Nc7 29. Qc4 Qb6 30. Qc6 Qxc6 31. Bxc6 Na8 32. Nc5 Rd6 33. Bxa8 Rxa8 34. Rda1
Rb6 35. b3 Be3 36. Nd7 Rb5 37. Ra5 Rxa5 38. Rxa5 d3 39. cxd3 Bxa7 40. Nxe5 Rc8
41. Nc4 Bd4 42. f4 f6 0-1

[Event "European Youth Chess Championship B18"]
[Site "Prague, Top Hotel Prague"]
[Date "2016.08.20"]
[Round "3.27"]
[White "Patrascu, Catalin-Lucian"]
[Black "Thorgeirsson, Jon Kristinn"]
[Result "1-0"]
[WhiteElo "2286"]
[BlackElo "2151"]
[PlyCount "91"]
[EventDate "2016.08.18"]

1. e4 e6 2. d4 d5 3. Nd2 Nf6 4. e5 Nfd7 5. Bd3 c5 6. c3 Nc6 7. Ne2 Qb6 8. O-O
Be7 9. Nf3 h6 10. Bc2 g5 11. Kh1 a5 12. Ne1 Qa6 13. Bd3 b5 14. a4 c4 15. axb5
Qxb5 16. Bc2 Nb6 17. f4 Bd7 18. Ng3 a4 19. Qh5 O-O-O 20. f5 Rdg8 21. f6 Bf8 22.
Qxf7 h5 23. Bh7 Nd8 24. Qxh5 Be8 25. f7 Nxf7 26. Bxg8 Rxh5 27. Nxh5 Bh6 28. Nf6
Nd8 29. Bh7 Bg7 30. Nf3 Bxf6 31. exf6 Nf7 32. Bg6 g4 33. Ne5 Nxe5 34. Bxe8 Qxe8
35. dxe5 Qf7 36. Be3 Nd7 37. Bd4 g3 38. h3 Qh5 39. f7 Qe2 40. f8=Q+ Nxf8 41.
Rxf8+ Kd7 42. Ra8 Qxb2 43. R8xa4 Kc7 44. Ra7+ Kc8 45. Ra8+ Kc7 46. R1a7+ 1-0

[Event "European Youth Chess Championship B18"]
[Site "Prague, Top Hotel Prague"]
[Date "2016.08.20"]
[Round "3.28"]
[White "Winiarski, Mikolaj"]
[Black "Holtman, Teodor"]
[Result "1-0"]
[WhiteElo "2285"]
[BlackElo "2124"]
[PlyCount "61"]
[EventDate "2016.08.18"]

1. d4 Nf6 2. c4 g6 3. Nc3 Bg7 4. e4 d6 5. h3 O-O 6. Nf3 e5 7. d5 Nbd7 8. Bg5 a5
9. a3 h6 10. Be3 Nc5 11. Nd2 Nh5 12. g3 Nd7 13. Be2 Nhf6 14. g4 Nxe4 15. Ndxe4
f5 16. gxf5 gxf5 17. Rg1 Kh8 18. Bd3 fxe4 19. Qg4 Rg8 20. Qxe4 Nf8 21. O-O-O
Qf6 22. f4 Bd7 23. Rdf1 Re8 24. fxe5 Qxe5 25. Rxf8 Qxe4 26. Rxg8+ Kxg8 27. Nxe4
Kh8 28. Bd2 Bxh3 29. Bc3 Bxc3 30. Nxc3 h5 31. Kd2 1-0

[Event "European Youth Chess Championship B18"]
[Site "Prague, Top Hotel Prague"]
[Date "2016.08.20"]
[Round "3.29"]
[White "Havelka, Josef"]
[Black "Garanin, Aleksei"]
[Result "1-0"]
[WhiteElo "2277"]
[BlackElo "2118"]
[PlyCount "83"]
[EventDate "2016.08.18"]

1. e4 c5 2. Nf3 d6 3. d4 cxd4 4. Nxd4 Nf6 5. Nc3 a6 6. Bg5 e6 7. Qe2 Be7 8. f4
h6 9. Bxf6 Bxf6 10. O-O-O Qc7 11. Qd2 Bd7 12. g4 Nc6 13. Nf3 O-O-O 14. Ne2 Qb6
15. c3 Na5 16. Ng3 Ba4 17. Re1 e5 18. Kb1 exf4 19. Nh5 Be5 20. Nxf4 Bc6 21. Nd5
Bxd5 22. exd5 Qc7 23. Nxe5 dxe5 24. b3 b5 25. Bg2 f6 26. Rc1 Rhe8 27. Rhe1 Kd7
28. Ka1 Rc8 29. Be4 Kd6 30. h4 Nb7 31. Bf5 Ra8 32. c4 bxc4 33. Rxc4 Qa5 34. Qe3
Ke7 35. Rec1 Nd6 36. Rc7+ Kf8 37. Be6 Re7 38. R7c5 Qb4 39. Rc6 a5 40. Rb6 Nb5
41. Rc4 Nd4 42. Rbxb4 1-0

[Event "European Youth Chess Championship B18"]
[Site "Prague, Top Hotel Prague"]
[Date "2016.08.20"]
[Round "3.30"]
[White "Stepan, Patrik"]
[Black "Fidalgo, Andre Neves"]
[Result "1/2-1/2"]
[WhiteElo "2145"]
[BlackElo "2266"]
[PlyCount "77"]
[EventDate "2016.08.18"]

1. d4 Nf6 2. c4 c5 3. d5 b5 4. cxb5 a6 5. b6 d6 6. Nc3 Nbd7 7. Nf3 Rb8 8. Nd2
g6 9. e4 Bg7 10. Be2 O-O 11. a4 Rxb6 12. O-O Ne5 13. f4 Ned7 14. Nc4 Rb4 15. a5
Ne8 16. Bd2 Nc7 17. Qc2 Rb8 18. Bd3 Nb5 19. Ne2 Nf6 20. h3 Ne8 21. Bc3 Nxc3 22.
bxc3 Nc7 23. Nb6 Qd7 24. Rab1 Nb5 25. Rb3 Qc7 26. Kh1 c4 27. Nxc4 f5 28. Nb6
fxe4 29. Bxe4 Bf5 30. c4 Nd4 31. Nxd4 Bxd4 32. g4 Bd7 33. Qd3 Bxb6 34. axb6
Rxb6 35. Rxb6 Qxb6 36. Bxg6 hxg6 37. Qxg6+ Kh8 38. Qh6+ Kg8 39. Qg6+ 1/2-1/2

[Event "European Youth Chess Championship B18"]
[Site "Prague, Top Hotel Prague"]
[Date "2016.08.20"]
[Round "3.31"]
[White "Whatley, Stephen A J"]
[Black "Tokranovs, Dmitrijs"]
[Result "1/2-1/2"]
[WhiteElo "2073"]
[BlackElo "2257"]
[PlyCount "94"]
[EventDate "2016.08.18"]

1. e4 e5 2. Nf3 d6 3. Bc4 Nf6 4. d3 Be7 5. O-O O-O 6. a4 c6 7. Re1 h6 8. h3 Re8
9. c3 Nbd7 10. Ba2 Bf8 11. b4 a5 12. Ba3 d5 13. Nbd2 Qb6 14. Rb1 axb4 15. cxb4
Qa6 16. b5 Qxa4 17. Bxf8 Qxd1 18. Rbxd1 Rxa2 19. Bd6 Re6 20. Bc7 dxe4 21. dxe4
Ne8 22. b6 Nxc7 23. bxc7 b5 24. Nb3 Ra7 25. Nc5 Re7 26. Nxd7 Rxd7 27. Nxe5 Rxd1
28. Rxd1 Rxc7 29. Rd8+ Kh7 30. Nxf7 b4 31. Ne5 c5 32. Rd1 c4 33. Rb1 b3 34.
Nxc4 Rxc4 35. Rxb3 Rxe4 36. Rc3 Be6 37. Rc7 Re5 38. Ra7 Rg5 39. Kh2 Bd5 40. f3
Kg6 41. Ra6+ Kf5 42. h4 Rg6 43. g4+ Rxg4 44. fxg4+ Kxg4 45. Ra4+ Kf5 46. Kg3 g5
47. h5 Bf7 1/2-1/2

[Event "European Youth Chess Championship B18"]
[Site "Prague, Top Hotel Prague"]
[Date "2016.08.20"]
[Round "3.32"]
[White "Scott, Luke"]
[Black "Hollan, Martin"]
[Result "0-1"]
[WhiteElo "2001"]
[BlackElo "2256"]
[PlyCount "62"]
[EventDate "2016.08.18"]

1. d4 d5 2. c4 dxc4 3. Nf3 c6 4. a4 Nf6 5. Nc3 Bg4 6. e3 e6 7. Bxc4 Be7 8. O-O
O-O 9. h3 Bh5 10. Qe2 Nbd7 11. Rd1 Qc7 12. e4 e5 13. g4 Nxg4 14. hxg4 Bxg4 15.
d5 Kh8 16. dxc6 bxc6 17. Kg2 f5 18. Be6 Nc5 19. Bxf5 Bxf3+ 20. Qxf3 g6 21. Rh1
Rf7 22. Be3 gxf5 23. exf5 Rg8+ 24. Kf1 Qc8 25. Bxc5 Bxc5 26. f6 Rg4 27. Rd1 Rf4
28. Qd3 Rxf2+ 29. Ke1 R2xf6 30. Qc4 Bd4 31. Ne4 Qg4 0-1

[Event "European Youth Chess Championship B18"]
[Site "Prague, Top Hotel Prague"]
[Date "2016.08.20"]
[Round "3.33"]
[White "Lopez, Popov Ivan"]
[Black "Carnicelli, Valerio"]
[Result "0-1"]
[WhiteElo "1948"]
[BlackElo "2244"]
[PlyCount "58"]
[EventDate "2016.08.18"]

1. e4 e5 2. Nf3 Nc6 3. Bb5 f5 4. Nc3 Nf6 5. exf5 Bc5 6. O-O O-O 7. d3 d6 8. Ne4
Bb6 9. Ng3 Ne7 10. Bc4+ Kh8 11. Be6 Bxe6 12. fxe6 Qc8 13. d4 e4 14. Ng5 d5 15.
c4 h6 16. Nf7+ Kh7 17. cxd5 Nexd5 18. Ne5 Qxe6 19. Re1 Rad8 20. Be3 c5 21. Rc1
cxd4 22. Bxd4 Nf4 23. Nxe4 Rxd4 24. Nxf6+ Qxf6 25. Qc2+ Qf5 26. Qxf5+ Rxf5 27.
Nf3 Nd3 28. Nxd4 Bxd4 29. Rf1 Nxc1 0-1

[Event "European Youth Chess Championship B18"]
[Site "Prague, Top Hotel Prague"]
[Date "2016.08.20"]
[Round "3.34"]
[White "Chovan, Milan"]
[Black "Shpati, Ted"]
[Result "1-0"]
[WhiteElo "2231"]
[BlackElo "2084"]
[PlyCount "81"]
[EventDate "2016.08.18"]

1. c4 Nf6 2. Nc3 e6 3. e4 d5 4. e5 d4 5. exf6 dxc3 6. bxc3 Qxf6 7. d4 e5 8. Nf3
exd4 9. Bg5 Qe6+ 10. Be2 Be7 11. cxd4 Bxg5 12. Nxg5 Qe7 13. Qd2 O-O 14. O-O Nc6
15. d5 Ne5 16. Rfe1 Bf5 17. Nf3 Nxf3+ 18. Bxf3 Qd6 19. Rac1 b6 20. Qe3 Rac8 21.
c5 Qd7 22. Qa3 a5 23. Re5 bxc5 24. Qxc5 Rfe8 25. Rxe8+ Rxe8 26. Qxa5 h6 27. h3
Re7 28. a4 Qd6 29. Re1 Rxe1+ 30. Qxe1 Qa3 31. Qe5 Qc1+ 32. Kh2 g6 33. Qe3 Qc4
34. a5 Kh7 35. g4 Qa6 36. Qc5 Qd3 37. Bg2 Be4 38. Qxc7 Qxd5 39. Bxe4 Qxe4 40.
Qxf7+ Kh8 41. a6 1-0

[Event "European Youth Chess Championship B18"]
[Site "Prague, Top Hotel Prague"]
[Date "2016.08.20"]
[Round "3.35"]
[White "Rajic, Ivan"]
[Black "Bunyatov, Rustam"]
[Result "0-1"]
[WhiteElo "1922"]
[BlackElo "2230"]
[PlyCount "94"]
[EventDate "2016.08.18"]

1. d4 g6 2. e4 Bg7 3. Nf3 d6 4. Bc4 Nf6 5. Qe2 O-O 6. Nc3 c6 7. Bb3 Bg4 8. O-O
e5 9. dxe5 dxe5 10. h3 Bxf3 11. Qxf3 Nbd7 12. Be3 Qe7 13. a3 Nc5 14. Ba2 Ne6
15. Rad1 Nh5 16. Ne2 Nhf4 17. Bxf4 Nxf4 18. Nxf4 exf4 19. c3 Be5 20. Rd3 Rad8
21. Rfd1 Bc7 22. Bb3 Kg7 23. Rd4 Be5 24. R4d3 h5 25. R1d2 Bc7 26. Rd4 Rxd4 27.
Rxd4 Be5 28. Rd3 Rd8 29. Qd1 Rxd3 30. Qxd3 b5 31. Kf1 a5 32. a4 b4 33. Qc4 bxc3
34. bxc3 Qf6 35. Qd3 Bxc3 36. Qc4 f3 37. gxf3 Qxf3 38. Qxc6 Bd4 39. Qc2 Bxf2
40. Qxf2 Qxh3+ 41. Kg1 Qxb3 42. Qd4+ Kh7 43. Qa7 Qd1+ 44. Kf2 Qd2+ 45. Kf3 Kg7
46. Qc7 Qd1+ 47. Ke3 Qxa4 0-1

[Event "European Youth Chess Championship B18"]
[Site "Prague, Top Hotel Prague"]
[Date "2016.08.20"]
[Round "3.36"]
[White "Oztekin, Kerem Can"]
[Black "Laiz, Ibanez Hector"]
[Result "1-0"]
[WhiteElo "1910"]
[BlackElo "2229"]
[PlyCount "83"]
[EventDate "2016.08.18"]

1. e4 c5 2. Nf3 d6 3. d4 cxd4 4. Nxd4 Nf6 5. Nc3 a6 6. g3 e5 7. Nde2 Be7 8. Bg2
O-O 9. h3 b5 10. Nd5 Nxd5 11. Qxd5 Ra7 12. O-O Be6 13. Qd1 Rc7 14. Kh2 Nd7 15.
f4 Nc5 16. Be3 b4 17. b3 a5 18. Qd2 Qc8 19. Rac1 Rd8 20. c4 a4 21. Rb1 f5 22.
exf5 Bxf5 23. Qxb4 axb3 24. axb3 Bxb1 25. Bd5+ Kh8 26. Rxb1 Qf5 27. Qe1 Bf6 28.
b4 Nd3 29. g4 Qd7 30. Qd2 exf4 31. Nxf4 Nxf4 32. Bxf4 Ra7 33. b5 Ra3 34. b6 Qa4
35. b7 Rb8 36. Bg2 Be5 37. Bxe5 dxe5 38. Qd6 Qa7 39. Rf1 Rg8 40. Rf8 Rb3 41.
Rxg8+ Kxg8 42. Bd5+ 1-0

[Event "European Youth Chess Championship B18"]
[Site "Prague, Top Hotel Prague"]
[Date "2016.08.20"]
[Round "3.37"]
[White "Ozcan, Kadir Kutay"]
[Black "Alexiadis, Hristos"]
[Result "0-1"]
[WhiteElo "1808"]
[BlackElo "2226"]
[PlyCount "60"]
[EventDate "2016.08.18"]

1. e4 c5 2. Nf3 d6 3. d4 Nf6 4. Nc3 cxd4 5. Nxd4 a6 6. Be3 e5 7. Nf3 Qc7 8. a4
Be7 9. Be2 O-O 10. h3 Be6 11. O-O h6 12. Nd5 Nxd5 13. exd5 Bf5 14. c4 a5 15. g4
Bg6 16. Nd2 Nd7 17. f4 exf4 18. Bxf4 Qb6+ 19. Kh2 Qxb2 20. Rf3 Qb6 21. Raa3
Rae8 22. Bd3 Bxd3 23. Raxd3 Nc5 24. Rde3 Bg5 25. Bxg5 hxg5 26. Qe1 Rxe3 27.
Qxe3 Qb2 28. Qxg5 Ne4 29. Qf4 Qxd2+ 30. Qxd2 Nxd2 0-1

[Event "European Youth Chess Championship B18"]
[Site "Prague, Top Hotel Prague"]
[Date "2016.08.20"]
[Round "3.38"]
[White "Triger, Ramon"]
[Black "Theocharous, Stelios"]
[Result "1/2-1/2"]
[WhiteElo "2215"]
[BlackElo "1972"]
[PlyCount "122"]
[EventDate "2016.08.18"]

1. c4 e5 2. Nc3 Nf6 3. g3 d5 4. cxd5 Nxd5 5. Bg2 Nb6 6. Nf3 Nc6 7. O-O Be7 8.
d3 O-O 9. a3 Be6 10. b4 Nd4 11. Nxd4 exd4 12. Na4 Bd5 13. Bxd5 Qxd5 14. Bf4 c6
15. Bc7 Nxa4 16. Qxa4 Rfe8 17. Qa5 Qxa5 18. bxa5 Rac8 19. Bf4 Bc5 20. Rfc1 b6
21. Kf1 Be7 22. axb6 axb6 23. a4 Bb4 24. Rc4 c5 25. e3 dxe3 26. Bxe3 Ra8 27.
Rc2 Red8 28. Ke2 Ra6 29. Bd2 Bxd2 30. Kxd2 Rda8 31. Rb2 Kf8 32. Rb5 Ke7 33.
Rab1 Rxa4 34. Rxb6 Rd8 35. Rb7+ Rd7 36. Rxd7+ Kxd7 37. Rb7+ Ke6 38. Rc7 Ra2+
39. Ke3 Rc2 40. h4 h6 41. g4 Kf6 42. f4 Rc1 43. g5+ hxg5 44. hxg5+ Ke6 45. Rc6+
Kd7 46. Ra6 c4 47. Ra7+ Ke6 48. Ra6+ Kd7 49. g6 fxg6 50. dxc4 Rxc4 51. Rxg6 Ke7
52. Rxg7+ Kf6 53. Rb7 Rc1 54. Rb6+ Kf5 55. Rb5+ Kf6 56. Ke4 Re1+ 57. Kf3 Rf1+
58. Kg3 Rg1+ 59. Kf2 Rd1 60. Ke2 Rc1 61. Kd2 Rf1 1/2-1/2

[Event "European Youth Chess Championship B18"]
[Site "Prague, Top Hotel Prague"]
[Date "2016.08.20"]
[Round "3.39"]
[White "Miknevicius, Laurynas"]
[Black "Caglar, Ahmet Ata"]
[Result "1-0"]
[WhiteElo "2150"]
[BlackElo "1968"]
[PlyCount "69"]
[EventDate "2016.08.18"]

1. Nf3 Nf6 2. c4 g6 3. d4 Bg7 4. g3 O-O 5. Bg2 d6 6. O-O a6 7. Nc3 Nc6 8. b3 e5
9. Bb2 Bg4 10. d5 Ne7 11. Ne1 Bd7 12. Nd3 c5 13. dxc6 bxc6 14. c5 Bf5 15. cxd6
Qxd6 16. e4 Bg4 17. f3 Rfd8 18. Nf2 Qb4 19. Qc1 Be6 20. Ba3 Qb7 21. Na4 Ne8 22.
Nc5 Qc8 23. Nxe6 Qxe6 24. Bh3 f5 25. Bxe7 Qxe7 26. exf5 e4 27. Rb1 e3 28. Ne4
Nd6 29. f6 Qa7 30. Be6+ Nf7 31. Bxf7+ Kxf7 32. Qc4+ Rd5 33. fxg7 e2+ 34. Rf2
Kxg7 35. Qxe2 1-0

[Event "European Youth Chess Championship B18"]
[Site "Prague, Top Hotel Prague"]
[Date "2016.08.20"]
[Round "3.40"]
[White "Markocic, Tine"]
[Black "Beeck, Mats"]
[Result "1-0"]
[WhiteElo "2073"]
[BlackElo "2196"]
[PlyCount "105"]
[EventDate "2016.08.18"]

1. e4 c5 2. Nf3 g6 3. d4 cxd4 4. Nxd4 Bg7 5. Be2 Nc6 6. Nb3 Nf6 7. Nc3 O-O 8.
O-O d6 9. Kh1 Be6 10. f4 Qc8 11. Bf3 Bg4 12. Nd5 Bxf3 13. Nxf6+ Bxf6 14. Rxf3
Qg4 15. c3 Rac8 16. Qe2 Qh5 17. Be3 b5 18. h3 Bg7 19. g4 Qh4 20. Bf2 Qf6 21.
Qxb5 Qe6 22. Qd5 Qd7 23. Rd1 Qc7 24. Nd4 Nxd4 25. Bxd4 Bxd4 26. Qxd4 Qa5 27. a4
Qa6 28. b3 Qe2 29. Rf2 Qa6 30. Rd3 Qb7 31. Qd5 Qb6 32. Qd4 Qxb3 33. Kg2 Rc4 34.
Qxa7 Rxe4 35. a5 Qc4 36. Rff3 Re2+ 37. Kg3 Qa2 38. Rde3 Rg2+ 39. Kh4 Qd5 40.
Qxe7 Qxa5 41. Qxd6 f6 42. f5 Qd8 43. Qxd8 Rxd8 44. fxg6 hxg6 45. Rxf6 Kg7 46.
Ree6 Rh8+ 47. Kg5 Rh5+ 48. Kf4 Rf2+ 49. Kg3 Rxf6 50. Rxf6 Rc5 51. Rf3 g5 52.
Kf2 Kg6 53. Ke2 1-0

[Event "European Youth Chess Championship B18"]
[Site "Prague, Top Hotel Prague"]
[Date "2016.08.20"]
[Round "3.41"]
[White "Krutsky, Martin"]
[Black "Salim, Riza"]
[Result "1/2-1/2"]
[WhiteElo "2035"]
[BlackElo "2146"]
[PlyCount "100"]
[EventDate "2016.08.18"]

1. e4 c5 2. Nf3 Nc6 3. d4 cxd4 4. Nxd4 g6 5. c4 Nf6 6. Nc3 d6 7. Be2 Bg7 8. Be3
O-O 9. O-O Bd7 10. Qd2 Nxd4 11. Bxd4 Bc6 12. f3 a5 13. b3 Nd7 14. Be3 Nc5 15.
Rab1 e6 16. Rfd1 Be5 17. Bd4 Qf6 18. Qe3 b6 19. g3 g5 20. Bxe5 Qxe5 21. Rd4 Kh8
22. Rbd1 Rad8 23. Kf2 Rg8 24. R4d2 Rd7 25. Qd4 Rgd8 26. Ke3 f5 27. Qxe5+ dxe5
28. Rxd7 Rxd7 29. Rxd7 Nxd7 30. exf5 exf5 31. Nd5 Kg7 32. Ne7 f4+ 33. Kf2 Ba8
34. Nf5+ Kf6 35. Bd3 Nc5 36. Bc2 e4 37. fxe4 Bxe4 38. Nd4 Ke5 39. Nf3+ Bxf3 40.
Kxf3 h6 41. gxf4+ gxf4 42. a3 Ne6 43. Bd1 Nd4+ 44. Kf2 Ne6 45. b4 axb4 46. axb4
Kd4 47. c5 bxc5 48. bxc5 Nxc5 49. Kf3 Ke5 50. Kg4 Kf6 1/2-1/2

[Event "European Youth Chess Championship B18"]
[Site "Prague, Top Hotel Prague"]
[Date "2016.08.20"]
[Round "3.42"]
[White "Syvalahti, Timo"]
[Black "Radulescu, Vlad-Alexandru"]
[Result "1-0"]
[WhiteElo "2139"]
[BlackElo "2029"]
[PlyCount "101"]
[EventDate "2016.08.18"]

1. d4 d5 2. c4 e6 3. Nf3 c5 4. cxd5 exd5 5. g3 Nc6 6. Bg2 c4 7. O-O Bb4 8. b3
cxb3 9. Qxb3 Nge7 10. Ba3 Qa5 11. e3 O-O 12. Ne5 Bxa3 13. Qxa3 Qxa3 14. Nxa3
Nxe5 15. dxe5 Bd7 16. Rfd1 Bc6 17. Nc2 Ba4 18. Rd2 a5 19. Nd4 b5 20. Ne2 b4 21.
Nf4 Rfd8 22. Nxd5 Nxd5 23. Bxd5 Rac8 24. e4 Kf8 25. f4 Rc3 26. Kf2 Ke7 27. f5
f6 28. e6 g6 29. g4 g5 30. Rh1 Bc2 31. Re2 Bd3 32. Re3 Rc2+ 33. Kf3 Bb5 34. h4
h6 35. hxg5 hxg5 36. Rh7+ Kd6 37. Bb3 Rd2 38. e5+ fxe5 39. e7 Rc8 40. Rh6+ Kc7
41. Rxe5 Be8 42. Rc5+ Kb7 43. Rxc8 Kxc8 44. Rh8 Kd7 45. Ba4+ Kxe7 46. Rxe8+ Kf6
47. Re6+ Kg7 48. Re2 Rd4 49. Bb3 Rf4+ 50. Kg3 Rf1 51. Rf2 1-0

[Event "European Youth Chess Championship B18"]
[Site "Prague, Top Hotel Prague"]
[Date "2016.08.20"]
[Round "3.43"]
[White "Kassay, Krisztian"]
[Black "Lukic, Lazar"]
[Result "1-0"]
[WhiteElo "2124"]
[BlackElo "1939"]
[PlyCount "57"]
[EventDate "2016.08.18"]

1. e4 e5 2. Nf3 Nc6 3. Bc4 Bc5 4. c3 Nf6 5. d3 d6 6. Bb3 O-O 7. Nbd2 Ne7 8. h3
Ng6 9. O-O c6 10. Nc4 b5 11. Ne3 Bb6 12. a4 h6 13. axb5 cxb5 14. Nd5 a5 15.
Nxb6 Qxb6 16. Be3 Qb7 17. Nd2 Be6 18. Bxe6 fxe6 19. Qb3 d5 20. exd5 exd5 21.
Ne4 Kh8 22. Nd6 Qc6 23. Nxb5 Rfb8 24. c4 Nh4 25. f3 Nf5 26. Bf2 Nd6 27. Rfc1
Nxb5 28. cxb5 Qxb5 29. Rc8+ 1-0

[Event "European Youth Chess Championship B18"]
[Site "Prague, Top Hotel Prague"]
[Date "2016.08.20"]
[Round "3.45"]
[White "Tuomainen, Felix"]
[Black "Kuna, Martin"]
[Result "1-0"]
[WhiteElo "2087"]
[BlackElo "1832"]
[PlyCount "47"]
[EventDate "2016.08.18"]

1. d4 d5 2. c4 c6 3. Nc3 Nf6 4. Nf3 a6 5. e3 b5 6. b3 Bg4 7. h3 Bxf3 8. Qxf3 e5
9. dxe5 Bb4 10. Bd2 Bxc3 11. Bxc3 Ne4 12. Bb4 bxc4 13. e6 Ra7 14. bxc4 Qb6 15.
a3 a5 16. cxd5 cxd5 17. Rc1 Nc6 18. Qf5 axb4 19. exf7+ Rxf7 20. Qe6+ Re7 21.
Qxc6+ Qxc6 22. Rxc6 Kd7 23. Bb5 Nc3 24. Rxc3+ 1-0

[Event "European Youth Chess Championship B18"]
[Site "Prague, Top Hotel Prague"]
[Date "2016.08.20"]
[Round "3.46"]
[White "Hons, Tomas"]
[Black "Karas, Marek"]
[Result "0-1"]
[WhiteElo "2033"]
[BlackElo "2278"]
[PlyCount "48"]
[EventDate "2016.08.18"]

1. e4 e6 2. d4 d5 3. Nd2 a6 4. Ngf3 c5 5. exd5 exd5 6. Be2 Nf6 7. O-O Be7 8.
dxc5 Bxc5 9. Nb3 Bb6 10. Bg5 O-O 11. Nbd4 Nc6 12. c3 h6 13. Bh4 g5 14. Bg3 Ne4
15. Nxc6 bxc6 16. Nd4 Bd7 17. Bd3 Qf6 18. Bc2 Rfe8 19. Qd3 c5 20. Nf3 Bb5 21.
Qxd5 Rad8 22. Qb3 Nxg3 23. hxg3 Bxf1 24. Rxf1 g4 0-1

[Event "European Youth Chess Championship B18"]
[Site "Prague, Top Hotel Prague"]
[Date "2016.08.20"]
[Round "3.47"]
[White "Fossan, Andreas"]
[Black "Kostka, Vit"]
[Result "1-0"]
[WhiteElo "2023"]
[BlackElo "2188"]
[PlyCount "107"]
[EventDate "2016.08.18"]

1. d4 Nf6 2. c4 g6 3. Nc3 Bg7 4. e4 d6 5. Bd3 O-O 6. Nge2 Nc6 7. O-O e5 8. d5
Ne7 9. Rb1 Ne8 10. Bg5 h6 11. Be3 f5 12. exf5 gxf5 13. f4 e4 14. Bc2 Nf6 15.
Qd2 Ng6 16. Nd1 Qe8 17. Bd4 Kh7 18. Ne3 Nh4 19. Qe1 Ng6 20. Qc3 Qe7 21. Ng3 Ne8
22. Rbe1 Bxd4 23. Qxd4 Qg7 24. Nexf5 Bxf5 25. Nxf5 Rxf5 26. Qxe4 Rf6 27. Ba4
Rf8 28. Bc2 Nf6 29. Qxg6+ Qxg6 30. Re7+ Kg8 31. Bxg6 c6 32. Rxb7 cxd5 33. cxd5
Nxd5 34. g3 Nf6 35. Rd1 d5 36. Rd4 Rfc8 37. Bf5 Rc1+ 38. Kg2 Re8 39. Rd2 Rce1
40. Rxa7 R8e2+ 41. Rxe2 Rxe2+ 42. Kg1 Rxb2 43. a4 Ra2 44. a5 Kf8 45. a6 d4 46.
h3 Nd5 47. Ra8+ Kg7 48. Be4 Nc3 49. Bf3 Nb5 50. Rb8 Nd6 51. Rb6 Nc4 52. Rb7+
Kf6 53. a7 Nd2 54. Rb6+ 1-0

[Event "European Youth Chess Championship B18"]
[Site "Prague, Top Hotel Prague"]
[Date "2016.08.20"]
[Round "3.48"]
[White "Schwab, Lukas"]
[Black "Vangsgaard, Bjarke"]
[Result "1/2-1/2"]
[WhiteElo "2175"]
[BlackElo "2034"]
[PlyCount "160"]
[EventDate "2016.08.18"]

1. e4 c6 2. d4 d5 3. Nc3 dxe4 4. Nxe4 Bf5 5. Ng3 Bg6 6. h4 h6 7. h5 Bh7 8. Nf3
Nd7 9. Bd3 Bxd3 10. Qxd3 e6 11. Bd2 Ngf6 12. O-O-O Be7 13. Kb1 O-O 14. Ne4 Nxe4
15. Qxe4 Nf6 16. Qe2 Qd5 17. Ne5 Qe4 18. Qxe4 Nxe4 19. Be1 Rad8 20. f3 Nf6 21.
Bf2 Nd7 22. Nd3 Nb6 23. Rhe1 Rd5 24. Ne5 Bf6 25. c4 Rdd8 26. b3 Nd7 27. f4 Be7
28. g4 Bb4 29. Rg1 Nf6 30. Kc2 Ne4 31. Be1 Bxe1 32. Rgxe1 Nf6 33. Re3 Rd6 34.
b4 Rfd8 35. Kc3 b5 36. Ree1 bxc4 37. Kxc4 Nd5 38. f5 Nb6+ 39. Kc3 exf5 40. gxf5
Nd5+ 41. Kb3 Rb8 42. a3 a5 43. Rc1 Re8 44. Rg1 axb4 45. axb4 Ne7 46. Rg4 Red8
47. Rf4 f6 48. Nf3 Nd5 49. Re4 Rb8 50. Rc4 Kf7 51. Nd2 Rb7 52. Nf1 Rb5 53. Ng3
Ne7 54. Rf4 Rd7 55. Rc5 Rdb7 56. Rxb5 Rxb5 57. Ne4 Kf8 58. Nc3 Rxf5 59. Rxf5
Nxf5 60. d5 Ke7 61. dxc6 Nd4+ 62. Kc4 Nxc6 63. b5 Ne5+ 64. Kd5 Nd7 65. Na4 f5
66. Nc5 f4 67. Nd3 f3 68. Ke4 Nf6+ 69. Kxf3 Nxh5 70. Kg4 Nf6+ 71. Kf5 Nd7 72.
Kg6 Kf8 73. Nf4 Ne5+ 74. Kf5 Nd7 75. Ke6 Nb6 76. Ng6+ Kg8 77. Ne7+ Kf8 78. Ng6+
Ke8 79. Ne5 g5 80. Kf5 Nd7 1/2-1/2